|
|
|
|
| LEADER |
01039nam a2200289 4500 |
| 001 |
36087 |
| 003 |
BD-DhAAL |
| 005 |
20190929105558.0 |
| 008 |
190929t1973 njua 000 0 eng d |
| 999 |
|
|
|c 41442
|d 41442
|
| 010 |
|
|
|a 72008896
|
| 020 |
|
|
|a 0132921286
|
| 020 |
|
|
|a 0132921103 (pbk)
|
| 040 |
|
|
|a DLC
|c DLC
|d DLC
|d BD-DhAAL
|
| 050 |
0 |
0 |
|a LB2823
|b .P63
|
| 082 |
0 |
0 |
|a 371.102
|
| 100 |
1 |
|
|a Popham, W. James.
|9 35464
|
| 245 |
1 |
0 |
|a Evaluating instruction
|c W. James Popham.
|
| 260 |
|
|
|a Englewood Cliffs, N.J.,
|b Prentice-Hall
|c c1973
|
| 300 |
|
|
|a vii, 157 pages :
|b illustrations ;
|c 23 cm.
|
| 350 |
|
|
|a $6.95
|a $3.50 (pbk)
|
| 526 |
|
|
|a BIED
|
| 541 |
|
|
|a Complimentary copy from BIED
|e 36087
|
| 650 |
|
0 |
|a Educational surveys
|x Handbooks, manuals, etc.
|9 35465
|
| 852 |
|
|
|a Ayesha Abed Library
|c General Stacks
|
| 942 |
|
|
|2 ddc
|c BK
|
| 952 |
|
|
|0 0
|1 0
|2 ddc
|4 0
|6 371_102000000000000_POP
|7 0
|9 66545
|a BRACUL
|b BRACUL
|c GEN
|d 2019-09-29
|e Complimentary copy from BIED
|l 0
|o 371.102 POP
|p 3010036087
|r 2019-09-29
|t 1
|w 2019-09-29
|y BK
|x BIED-N/A Accession No.
|